Jugadores de fútbol por una pista #2 - Estadísticas

Estadísticas generales
  • Esta prueba ha sido intentada 614 veces
  • La puntuación promedio es 10 de 15
Estadísticas de respuestas
Pista Jugador % Correcto
Es el fichaje más caro de la historia del fútbol Neymar
97%
Portero inconfundible por jugar con casco Petr Cech
87%
Fue nombrado mejor portero del mundo en 2014 Manuel Neuer
85%
Máximo goleador de la historia de la Bundesliga Gerd Müller
83%
Zinedine Zidane le dio un cabezazo en la final de la Copa del Mundo de 2006 Marco Materazzi
78%
Único jugador africano que ha ganado el Balón de Oro George Weah
70%
Uno de los mejores argentinos de la historia de la Serie A, leyenda de la ACF Fiorentina Gabriel Batistuta
68%
Era el "10" de la Selección Argentina antes de Lionel Messi Riquelme
67%
Héroe de la primera Copa del Mundo que ganó la Selección Argentina Kempes
65%
Es el jugador que más veces ha ganado el Mundial de Clubes, con un total de 6 Toni Kroos
63%
Único jugador en ser nombrado MVP de una final de la Eurocopa, de la Copa del Mundo y de la UEFA Champions League Andrés Iniesta
54%
De origen brasileño, recibía el apodo de "El Doctor" por estar licenciado en Medicina Sócrates
50%
En verano de 2014 llegó al Real Madrid cedido desde el Manchester United Chicharito
49%
Es uno de los mejores futbolistas de todos los tiempos y militó en el Levante Johan Cruyff
48%
En 2009 le anotó 4 goles al Liverpool en Anfield Andréi Arshavin
37%
No se encontraron pruebas coincidentes
Distribución de puntuación
Porcentaje de gente con cada puntuación
Porcentaje por número respondido
Historial de tus puntuaciones
No has intentado esta prueba.